000 00366pab a2200157 454500
008 180718b2002 xxu||||| |||| 00| 0 eng d
100 _aPrendergast, Canice
245 _aConsumers and agency problems
260 _c2002
300 _ap.C34-C51.
362 _aMar
650 _aConsumption
650 _aConsumers
773 _aEconomic Journal
909 _a52248
999 _c52248
_d52248